Name the 25 countries with the largest number of rivers in their terri - Statistics

General Stats
  • This quiz has been taken 19 times
  • The average score is 22 of 25
Answer Stats
Hint Answer % Correct
>1M Brazil
100%
800k Canada
100%
250k China
100%
250k India
100%
55k Mexico
100%
>2.5M Russia
100%
250k USA
100%
80k Argentina
94%
350k Australia
94%
40k Colombia
94%
100k Democratic Republic of the Congo
94%
30k Indonesia
94%
85k Kazakhstan
94%
60k Pakistan
94%
20k Venezuela
94%
120k Japan
88%
50k Nigeria
88%
40k Norway
88%
30k Sweden
88%
30k New Zealand
82%
40k Peru
82%
60k South Africa
76%
30k Tanzania
76%
20k Philippines
65%
40k Ghana
29%
No matching quizzes found
Score Distribution
Percent of People with Each Score
Percentile by Number Answered
Your Score History
You have not taken this quiz